| 000 | 00651nmm a2200253 a 4500 | ||
|---|---|---|---|
| 003 | AR-BaBNM | ||
| 005 | 20251128211512.0 | ||
| 008 | 124120s1998 ||||||||||||||000 | spa|| | ||
| 020 | _a987-9216-52-0 | ||
| 040 | _cAR-BaBNM | ||
| 100 | 1 | _aVillarreal, Esteban | |
| 245 | 1 | 0 | _aSobre hadas y duendes |
| 250 | _a1ยช ed. | ||
| 260 |
_aBuenos Aires _bAmeghino _c1998 |
||
| 300 |
_a62 p. _bil. col. |
||
| 650 | 4 | _aCUENTOS DE HADAS | |
| 650 | 4 | _aLITERATURA ARGENTINA | |
| 650 | 4 | _aLIBROS PARA NINOS | |
| 650 | 4 | _aLITERATURA CONTEMPORANEA | |
| 655 | _aLITERATURA | ||
| 700 | 1 |
_aFreijomil, Diego P. _eilustrador |
|
| 942 | _cBK | ||
| 998 | _cEugenia | ||
| 999 |
_c19929 _d19929 |
||